000 00446nam a22001817a 4500
003 MPLRDC
005 20220104123323.0
008 210129b ||||| |||| 00| 0 eng d
020 _a957-641-736-8
082 _a312.949 E1GOTOP 1996
100 _aGOTOP 编著
245 _aEXCEL 7.0 中文版
_c
250 _a初版
260 _a
_b基峰资讯股份有限公司
_c1996
300 _b
650 _a
942 _cBK
_o312.949 E1GOTOP 1996
999 _c10395
_d10385